000 01380cam a2200337 i 4500
001 1897506
003 EG-ScBUE
005 20250309090410.0
008 850411t1963 nyua f b 001 0 eng d
020 _a0486648710
020 _a9780486648712
040 _aDLC
_beng
_erda
_cDLC
_dDLC
_dEG-ScBUE
082 0 4 _a530.1
_bPAU
_222
100 1 _aPauling, Linus,
_d1901-1994,
_eauthor.
245 1 0 _aIntroduction to quantum mechanics :
_bwith applications to chemistry /
_cby Linus Pauling, research professor, linus pauling, Institute of Science and Medicine, Palo Alto, California and E. Bright Wilson, Theodore William Richards, professor of chemistry, emeritus, Harvard University.
264 1 _aNew York :
_bDover Publications,
_c[1963]
264 4 _cc1963
300 _axi, 468 pages :
_billustrations ;
_c22 cm
336 _2rdacontent
_atext
_btxt
337 _aunmediated
_2rdamedia
_bn
338 _avolume
_bnc
_2rdacarrier
500 _aReprint. Originally published: New York ; London : McGraw-Hill, 1935.
504 _aIncludes bibliographical refernces and index.
650 7 _aQuantum theory.
_2BUEsh
_91883
650 7 _aWave mechanics.
_2BUEsh
_939063
650 7 _aChemistry, Physical and theoretical.
_2BUEsh
_92007
653 _bGGEN
_cDecember2017
655 _vReading book
700 1 _aWilson, E. Bright
_q(Edgar Bright),
_d1908-
_eauthor.
942 _2ddc
_cBB
999 _c25741
_d25713